[Event "Tch-SLO League"]
[Site "Rogaska Slatina SLO"]
[Date "2009.12.16"]
[Round "9"]
[White "Sebenik,M"]
[Black "Palac,M"]
[Result "1/2-1/2"]
[WhiteElo "2490"]
[BlackElo "2578"]

1.d4 d5 2.c4 c6 3.Nf3 Nf6 4.Nc3 e6 5.e3 Nbd7 6.Qc2 Bd6 7.Bd3 O-O 8.O-O dxc4
9.Bxc4 a6 10.a4 c5 11.Rd1  1/2-1/2

[Event "16th Open A"]
[Site "Zadar CRO"]
[Date "2009.12.16"]
[Round "5"]
[White "Franic,M"]
[Black "Kreisl,R"]
[Result "1/2-1/2"]
[WhiteElo "2399"]
[BlackElo "2380"]

1.d4 d5 2.c4 c6 3.Nc3 Nf6 4.e3 e6 5.Nf3 Nbd7 6.a3 Bd6 7.Qc2 O-O 8.c5 Bc7
9.b4 e5 10.Be2 Re8 11.h3 a6 12.Bb2 exd4 13.Nxd4 Nf8 14.Bd3 Ng6 15.O-O-O Ne5
16.Be2 a5 17.b5 Qe7 18.b6 Bb8 19.Na4 Ne4 20.f4 Nc4 21.Bxc4 dxc4 22.Qxc4 Nf2
23.Nc2 Bf5 24.Bd4 Qe4 25.g4 Be6 26.Qe2 Nxd1 27.Rxd1 Bb3 28.Nc3 Qxc2+ 29.Qxc2 Bxc2
30.Kxc2 f6 31.a4 Be5 32.Kd3 Bxd4 33.exd4 Re7 34.d5 cxd5 35.Nxd5 Rd8 36.Kc4 Kf7
37.c6 Re4+ 38.Kc5 bxc6 39.Kxc6 Re6+ 40.Kb5 Red6 41.Kxa5 Rb8 42.Kb5 Rbxb6+
43.Nxb6 Rxd1 44.a5 Rb1+ 45.Kc6 Ra1 46.Nc4 Ke7 47.f5 g6 48.Kb6 Rb1+ 49.Kc6 Ra1
50.Kb6 Rb1+ 51.Kc6  1/2-1/2

[Event "16th Open A"]
[Site "Zadar CRO"]
[Date "2009.12.16"]
[Round "6"]
[White "Rezan,S"]
[Black "Kreisl,R"]
[Result "1/2-1/2"]
[WhiteElo "2428"]
[BlackElo "2380"]

1.d4 d5 2.c4 c6 3.Nc3 Nf6 4.e3 e6 5.Nf3 Nbd7 6.Qc2 Bd6 7.Bd2 O-O 8.Bd3 dxc4
9.Bxc4 a6 10.a4 c5 11.O-O cxd4 12.exd4 Qc7 13.Qd3 b6 14.Rac1 Bb7 15.Ba2 Qb8  1/2-1/2

[Event "16th Open A"]
[Site "Zadar CRO"]
[Date "2009.12.16"]
[Round "6"]
[White "Milanovic,Da"]
[Black "Saric,Iv"]
[Result "0-1"]
[WhiteElo "2546"]
[BlackElo "2575"]

1.d4 d5 2.c4 c6 3.Nc3 Nf6 4.e3 e6 5.Nf3 Nbd7 6.Qc2 Bd6 7.g4 h6 8.h3 Qe7 9.Bd2 dxc4
10.Bxc4 b5 11.Be2 Bb7 12.e4 e5 13.dxe5 Nxe5 14.Nd4 g6 15.a3 Ned7 16.g5 hxg5
17.Bxg5 a5 18.f4 b4 19.e5 bxc3 20.exd6 Qxd6 21.O-O-O Nd5 22.Bf3 O-O 23.f5 Ne5
24.Be2 Ba6 25.Bxa6 Rxa6 26.Ne2 cxb2+ 27.Kxb2 Rb8+ 28.Ka2 Rab6 29.Bc1 gxf5
30.Rhg1+ Kf8 31.Nd4 c5 32.Ne2 Qe6 33.Ka1 Rb1+ 34.Qxb1 Rxb1+ 35.Kxb1 Qb6+
36.Ka2 Qb5 37.Bb2 Qxe2 38.Rde1 Qc4+ 39.Ka1 Nc3  0-1

[Event "16th Open B"]
[Site "Zadar CRO"]
[Date "2009.12.17"]
[Round "7"]
[White "Ivanov,Bor BUL"]
[Black "Jelecevic,I"]
[Result "1-0"]
[WhiteElo "2103"]
[BlackElo "2187"]

1.d4 d5 2.c4 c6 3.Nf3 Nf6 4.Nc3 e6 5.e3 Nbd7 6.Qc2 a6 7.b3 b5 8.Bb2 b4 9.Na4 a5
10.Bd3 Be7 11.O-O Bb7 12.Nd2 Rc8 13.e4 dxe4 14.Nxe4 Nxe4 15.Bxe4 h6 16.Rad1 Qc7
17.f4 O-O 18.f5 exf5 19.Bxf5 Rcd8 20.Rf3 Bc8 21.h3 Qd6 22.d5 Nf6 23.c5 Bxf5
24.Rxf5 Qd7 25.d6 Nh7 26.Nb6 Qe6 27.Re5 Bxd6 28.Rxe6 Bxc5+ 29.Kh1 Rxd1+ 30.Qxd1 fxe6
31.Nd7 Rf2 32.Nxc5 Rxb2 33.Qd8+ Nf8 34.Nxe6 Rf2 35.Kg1 Rf6 36.Nxf8 Rxf8 37.Qxa5  1-0

[Event "9th Amplico Life Rapid"]
[Site "Warsaw POL"]
[Date "2009.12.19"]
[Round "2"]
[White "Fridman,D2"]
[Black "Bieluszewski,P"]
[Result "1-0"]
[WhiteElo "2649"]
[BlackElo "2164"]

1.d4 d5 2.c4 c6 3.Nf3 Nf6 4.Nc3 e6 5.e3 Bd6 6.Qc2 Nbd7 7.b3 Qe7 8.Bb2 dxc4
9.Bxc4 e5 10.O-O O-O 11.h3 b5 12.Bd3 Bb7 13.Ne4 Nxe4 14.Bxe4 h6 15.Rad1 Rac8
16.dxe5 Nxe5 17.Nd4 g6 18.f4 Nd7 19.Bxg6 Qxe3+ 20.Kh1 Nf6 21.Nf5 Qc5  1-0

[Event "9th Amplico Life Rapid"]
[Site "Warsaw POL"]
[Date "2009.12.20"]
[Round "9"]
[White "Akesson,R"]
[Black "Setkauskas,V"]
[Result "0-1"]
[WhiteElo "2454"]
[BlackElo "2196"]

1.d4 d5 2.c4 c6 3.Nc3 Nf6 4.e3 e6 5.Nf3 Nbd7 6.Qc2 Bd6 7.g4 dxc4 8.Bxc4 e5
9.g5 Nd5 10.h4 exd4 11.Nxd4 Nxc3 12.Qxc3 Ne5 13.Be2 Bd7 14.f4 Ng4 15.e4 Qe7
16.Qf3 Bb4+ 17.Kf1 h5 18.a3 Bc5 19.Nb3 Bb6 20.Kg2 Nf2 21.Re1 Bg4 22.Qc3 Qxe4+
23.Bf3 Bxf3+ 24.Kg3 Be2 25.Nd4 O-O  0-1

[Event "9th Amplico Life Rapid"]
[Site "Warsaw POL"]
[Date "2009.12.20"]
[Round "11"]
[White "Moranda,W"]
[Black "Marchlewicz,K"]
[Result "1-0"]
[WhiteElo "2579"]
[BlackElo "2030"]

1.d4 d5 2.c4 c6 3.Nc3 Nf6 4.e3 e6 5.Nf3 Be7 6.Bd3 O-O 7.O-O Nbd7 8.e4 dxe4
9.Nxe4 c5 10.Nxc5 Bxc5 11.dxc5 Nxc5 12.Bc2 b6 13.Qe2 Bb7 14.Bg5 Qe7 15.Ne5 h6
16.Bh4 Rfd8 17.Ng4 g5 18.Nxh6+ Kg7 19.Bxg5 Ncd7 20.Nf5+  1-0

[Event "9th Amplico Life Rapid"]
[Site "Warsaw POL"]
[Date "2009.12.20"]
[Round "11"]
[White "Maiorov,N1"]
[Black "Kempinski,R"]
[Result "1/2-1/2"]
[WhiteElo "2511"]
[BlackElo "2617"]

1.d4 d5 2.c4 c6 3.Nc3 Nf6 4.e3 e6 5.Nf3 a6 6.Qc2 c5 7.cxd5 exd5 8.Be2 Nc6
9.Ne5 Qc7 10.Nxc6 Qxc6 11.O-O Be6 12.Bf3 Rc8 13.dxc5 Bxc5 14.Bd2 Qd6 15.Rfd1 O-O
16.Be1 Qe5 17.Qe2 b5 18.a3 Rfd8 19.Na2 Ne4 20.Nb4 Ng5 21.Nd3 Nxf3+ 22.Qxf3 Qg5
23.Nxc5 Rxc5  1/2-1/2

[Event "9th Amplico Life Rapid"]
[Site "Warsaw POL"]
[Date "2009.12.20"]
[Round "11"]
[White "Kuraszkiewicz,M"]
[Black "Orzech,D"]
[Result "1/2-1/2"]
[WhiteElo "2299"]
[BlackElo "2411"]

1.d4 d5 2.c4 c6 3.Nc3 Nf6 4.e3 e6 5.Nf3 Nbd7 6.Qc2 Be7 7.g4 dxc4 8.Bxc4 b5
9.Be2 Bb7 10.g5 Nd5 11.Nxd5 cxd5 12.Bd2 O-O 13.Bd3 Rc8 14.Qb1 Bxg5 15.Bxh7+ Kh8
16.Bd3 Bh6 17.h4 Nf6 18.Ng5 Rc4 19.b3 Rc8 20.Bb4 Kg8 21.Bxf8 Qxf8 22.Qd1 Ne4
23.Rc1 e5 24.Rxc8 Qxc8 25.Bxe4 dxe4 26.dxe5 b4 27.O-O g6 28.Kh2 Bg7 29.e6 f6
30.Qd7 fxg5 31.Qf7+ Kh8 32.Qxg6 Bd5 33.Qh5+ Kg8 34.Qf7+ Kh8 35.Qh5+  1/2-1/2

[Event "9th Amplico Life Rapid"]
[Site "Warsaw POL"]
[Date "2009.12.20"]
[Round "12"]
[White "Miton,K"]
[Black "Zherebukh,Y"]
[Result "1-0"]
[WhiteElo "2586"]
[BlackElo "2527"]

1.d4 d5 2.c4 c6 3.Nc3 Nf6 4.e3 e6 5.Nf3 Nbd7 6.Qc2 Bd6 7.Be2 O-O 8.O-O dxc4
9.Bxc4 b5 10.Bd3 Bb7 11.a3 a5 12.e4 e5 13.dxe5 Nxe5 14.Nxe5 Bxe5 15.h3 Qe7
16.Be3 Rfe8 17.Ne2 Nd7 18.f4 Bc7 19.e5 g6 20.Ng3 f5 21.Rad1 Rad8 22.Bxf5 gxf5
23.Nxf5 Qe6 24.Nd6 Ba8 25.f5 Qxe5 26.Qb3+ Kg7 27.f6+ Nxf6 28.Qf7+ Kh8 29.Bd4 Bb6
30.Bxb6 Rxd6 31.Rde1 Qxe1 32.Rxe1 Rxe1+ 33.Kh2 Nd7 34.Bxa5 Re3 35.Qf4 Rde6
36.Qc7 Nf6 37.Qd8+ Kg7 38.Qxa8 Nd5 39.Qc8 Re2 40.Qd7+ Kg6 41.Bd2 h5 42.b3 Rf6
43.Bc1 Re7 44.Qc8 Rfe6 45.Qg8+ Kf5 46.a4 bxa4 47.bxa4 Rg6 48.Qc8+ Ke4 49.Qb8 Reg7
50.Qb1+ Kd4 51.Bb2+ Nc3 52.Qc2 Rg3 53.a5 Kc4 54.Bxc3 Rxc3 55.Qa2+ Kc5 56.a6  1-0

[Event "Tata Steel TCh-Asia"]
[Site "Kolkata IND"]
[Date "2009.12.22"]
[Round "1"]
[White "Wu Shaobin"]
[Black "Le Quang Liem"]
[Result "0-1"]
[WhiteElo "2454"]
[BlackElo "2624"]

1.d4 Nf6 2.c4 e6 3.Nf3 d5 4.Nc3 c6 5.e3 Nbd7 6.Qc2 Bd6 7.Bd3 O-O 8.O-O dxc4
9.Bxc4 b5 10.Be2 Bb7 11.Rd1 Qb8 12.Ne4 Nxe4 13.Qxe4 c5 14.Qh4 c4 15.b3 Rc8
16.e4 e5 17.Be3 a6 18.bxc4 bxc4 19.Rac1 c3 20.Bd3 Bb4 21.Bc2 Ba3 22.Rb1 Bb2
23.Bc1 Bxc1 24.Rdxc1 exd4 25.Nxd4 g6 26.Nf3 Nc5 27.Qf6 Rc7 28.Qxc3 Nxe4 29.Qe3 Nc3
30.Rb2 Qe8 31.Re1 Qxe3 32.fxe3 Bd5 33.a3 Rac8 34.Nd4 Be4 35.Bxe4 Nxe4 36.Rb6 a5
37.h3 Rc3 38.a4 Ra3 39.Nc6 Kg7 40.Rf1 Rxa4 41.Ra6 Nc5 42.Ra7 Rxc6 43.Rfxf7+ Kh6
44.Rxh7+ Kg5 45.Kh2 Ra6 46.Rac7 Ne6 47.Rcf7 Rh4 48.Ra7 Rxa7 49.Rxa7 Ra4 50.Kg3 Kf5
51.h4 Ra3 52.Kf3 Nd4+ 53.Kf2 Nc2 54.Re7 Nxe3  0-1

[Event "Tata Steel TCh-Asia w"]
[Site "Kolkata IND"]
[Date "2009.12.22"]
[Round "1"]
[White "Dao Thien Hai"]
[Black "Tan Weiliang"]
[Result "1/2-1/2"]
[WhiteElo "2524"]
[BlackElo "2168"]

1.d4 d5 2.c4 c6 3.Nf3 Nf6 4.Nc3 e6 5.e3 Nbd7 6.Qc2 b6 7.b3 Bb7 8.Be2 Bd6
9.O-O O-O 10.Bb2 Qe7 11.Rad1 Rad8 12.Rfe1 Rfe8 13.h3 h6 14.Bf1 c5 15.cxd5 exd5
16.g3 Qe6 17.Bg2 Ne4 18.Qb1 f5 19.Ne2 Nxf2 20.Nf4 Bxf4 21.exf4 Ne4 22.Nd2 Ndf6
23.Qd3 Qf7 24.Nxe4 dxe4 25.Qf1 cxd4 26.Bxd4 Nd5 27.a3 Kh7 28.Qf2 Rd7 29.Bf1 a6
30.Qb2 b5 31.Kh2 Red8 32.Be5 Qe6 33.Rd4 Nf6 34.Red1 Rxd4 35.Rxd4 Rd5 36.a4 Kg6
37.axb5 axb5 38.b4 Bc6 39.Kg1 Qd7 40.Qc3 Kf7 41.Be2 Rxd4 42.Bxd4 Qd6 43.Bxf6 gxf6
44.Kf2 Ke6 45.Ke3 Bd7 46.Qd4 Qxd4+ 47.Kxd4 Kd6 48.Bh5 Kc6 49.Bf7 Kd6 50.Bh5 Kc6  1/2-1/2

[Event "Tata Steel TCh-Asia"]
[Site "Kolkata IND"]
[Date "2009.12.23"]
[Round "2"]
[White "Ahmed,J BAN"]
[Black "Novita,A"]
[Result "0-1"]
[WhiteElo "2150"]
[BlackElo "2340"]

1.d4 d5 2.Nf3 Nf6 3.c4 c6 4.Nc3 e6 5.e3 Nbd7 6.Qc2 Bd6 7.Bd3 O-O 8.O-O Qe7
9.h3 dxc4 10.Bxc4 e5 11.dxe5 Nxe5 12.Nxe5 Qxe5 13.f4 Qc5 14.Na4 Qh5 15.Be2 Qh4
16.Nc3 Re8 17.Bd2 Bc5 18.Rf3 g6 19.Bd3 Bg4 20.Be1 Qh5 21.Ne4 Nxe4 22.hxg4 Qd5
23.Rd1 Rad8 24.Be2 Qe6 25.Rxd8 Rxd8 26.f5 Qe5 27.fxg6 hxg6 28.Bc4 Rd7 29.Bc3 Nxc3
30.Qxg6+ Qg7 31.Qxg7+ Kxg7 32.bxc3 b5 33.Bb3 f6 34.c4 a5 35.cxb5 cxb5 36.Kf2 a4
37.Be6 Rd6 38.Rf5 Bxe3+ 39.Kxe3 Rxe6+ 40.Kd3 Re5 41.a3 Kg6 42.Kc3 Re3+ 43.Kd4 Rxa3
44.Rxb5 Rg3 45.Ke4 Rxg4+ 46.Kf3 Rg5 47.Rb2 a3 48.Ra2 Ra5 49.Kg3 Kg5 50.Kf3 Kf5
51.Ke3 Kg4 52.Kf2 Kf4 53.Ke2 Ke4 54.Kd2 Kf4 55.Ke2 Kg3 56.Kf1 f5 57.Kg1 f4
58.Kf1 Ra4 59.Kg1 f3 60.gxf3 Rb4 61.Kf1 Rb1+  0-1

[Event "Tata Steel TCh-Asia"]
[Site "Kolkata IND"]
[Date "2009.12.24"]
[Round "3"]
[White "Adhiban,B"]
[Black "Le Quang Liem"]
[Result "1/2-1/2"]
[WhiteElo "2486"]
[BlackElo "2624"]

1.d4 d5 2.c4 c6 3.Nf3 Nf6 4.Nc3 e6 5.e3 Nbd7 6.Qc2 Bd6 7.Bd3 dxc4 8.Bxc4 b5
9.Be2 Bb7 10.O-O Rc8 11.Rd1 b4 12.Na4 Qe7 13.e4 c5 14.e5 cxd4 15.exd6 Rxc2
16.dxe7 Rxe2 17.Nxd4 Re5 18.Bd2 Nd5 19.Nb3 Kxe7 20.Nac5 Nxc5 21.Nxc5 Rb8
22.a3 bxa3 23.Rxa3 Bc6 24.Nd3 Re4 25.f3 Ra4 26.Rxa4 Bxa4 27.Ra1 Bc2 28.Rxa7+ Kd6
29.Ra6+ Rb6 30.Rxb6+ Nxb6 31.Bb4+ Kc7 32.Nf4 Kc6 33.Bc3 g5 34.Nh3 h6 35.Bg7 Nd7
36.Bxh6 f6 37.f4 gxf4 38.Nxf4 e5 39.Ne2 Kd5 40.g4 Nc5 41.b4 Ne4 42.Bg7 Bd1
43.Kf1 Kc4 44.Ke1 Ba4 45.Nc1 Bd7 46.h3 Ng5 47.Bxf6 Nxh3 48.g5 Nxg5 49.Bxg5 Kxb4  1/2-1/2

[Event "26th Open"]
[Site "Boeblingen GER"]
[Date "2009.12.26"]
[Round "1"]
[White "Schneider,Il"]
[Black "Hoffmann,Ha"]
[Result "1-0"]
[WhiteElo "2496"]
[BlackElo "2089"]

1.d4 d5 2.c4 e6 3.Nf3 c6 4.e3 Nf6 5.Nc3 Nbd7 6.Qc2 Bd6 7.e4 dxe4 8.Nxe4 Nxe4
9.Qxe4 O-O 10.Bd3 g6 11.O-O Re8 12.Bg5 Be7 13.Bxe7 Qxe7 14.Rfe1 Nf6 15.Qe3 b6
16.Rad1 Bb7 17.Bc2 Rac8 18.c5 Kg7 19.Ne5 Red8 20.Nc4 Ba6 21.Nd6 Rc7 22.Qe5 Kg8
23.Re3 Ng4 24.Qf4 Nxe3 25.fxe3 Rcd7 26.Bb3 Rxd6 27.cxd6 Qxd6 28.Qf6 Re8 29.Rc1 c5
30.dxc5 bxc5 31.Rd1 Qc6 32.h4 Bb7 33.Rd2 Qe4 34.Kh2 Bd5 35.Rf2 Rf8 36.h5 Qxe3
37.Rf4 Qd2 38.Bxd5  1-0

[Event "Tata Steel TCh-Asia"]
[Site "Kolkata IND"]
[Date "2009.12.26"]
[Round "5"]
[White "Nguyen Anh Dung"]
[Black "Ahmed,Mah"]
[Result "1-0"]
[WhiteElo "2447"]
[BlackElo "2171"]

1.d4 d5 2.c4 c6 3.Nf3 Nf6 4.e3 e6 5.Nc3 Nbd7 6.Bd3 Bd6 7.O-O O-O 8.e4 dxe4
9.Nxe4 Nxe4 10.Bxe4 e5 11.Bg5 f6 12.Bh4 exd4 13.Qxd4 Qe7 14.Rad1 Bc5 15.Qd3 g6
16.Rfe1 Qf7 17.Qc3 a5 18.a3 a4 19.h3 Ne5 20.Nxe5 fxe5 21.Qxe5 Bxf2+ 22.Bxf2 Qxf2+
23.Kh2 Qf6 24.Qg3 Ra5 25.Rd6 Qf4 26.Qxf4 Rxf4 27.Bxg6 hxg6 28.Re8+ Kg7 29.Rxc8 Rxc4
30.Rc7+ Kh6 31.Rxb7 Rc2 32.Rd4 Rg5 33.Rh4+ Rh5 34.Rxa4 Rg5 35.Rh4+ Rh5 36.Rg4 Rg5
37.Rxg5 Kxg5 38.a4 Rc5 39.b4 Rc3 40.a5 Ra3 41.Rb6 Ra4 42.a6 Kh5 43.Rxc6 Rxb4
44.Rc5+ Kh6 45.Ra5  1-0

[Event "39th Rilton Cup"]
[Site "Stockholm SWE"]
[Date "2009.12.27"]
[Round "1"]
[White "Johansson,G1"]
[Black "Popov,Val"]
[Result "0-1"]
[WhiteElo "2234"]
[BlackElo "2588"]

1.d4 Nf6 2.c4 e6 3.Nf3 d5 4.Nc3 c6 5.e3 a6 6.b3 Bb4 7.Bd2 Nbd7 8.Bd3 O-O
9.O-O Qe7 10.Qc2 h6 11.Rfe1 Rd8 12.Rad1 Bd6 13.h3 b6 14.e4 dxc4 15.bxc4 e5
16.d5 Bb7 17.Nh4 Nc5 18.Nf5 Qc7 19.dxc6 Bxc6 20.Nd5 Nxd5 21.cxd5 Ba4 22.Qc3 Bxd1
23.Rxd1 Bf8 24.Bb1 Rac8 25.Qg3 Kh7 26.d6 Rxd6 27.Nxd6 Qxd6 28.Qf3 Qe6 29.Qe2 b5
30.Rc1 Na4 31.Rxc8 Qxc8 32.Qd3 Bc5 33.Bc2 Nb2 34.Qc3 Nc4 35.Bb3 Bd4 36.Qc2 Qc5
37.Bc3 h5 38.Bxd4 exd4 39.Kh2 Qd6+ 40.e5+ Qg6 41.Qd1 d3 42.f4 Qf5 43.Kh1 g6
44.Qf3 Nd2 45.Qe3 Nxb3 46.axb3 Qd7  0-1

[Event "18th Donau Open"]
[Site "Aschach AUT"]
[Date "2009.12.28"]
[Round "4"]
[White "Lautner,J"]
[Black "Pomaro,A"]
[Result "0-1"]
[WhiteElo "1932"]
[BlackElo "2367"]

1.d4 d5 2.Nf3 c6 3.c4 e6 4.e3 Nf6 5.Nc3 Nbd7 6.a3 Bd6 7.b4 O-O 8.Bb2 Re8
9.Qc2 Qe7 10.Be2 dxc4 11.b5 e5 12.O-O e4 13.Nd2 Nb6 14.a4 Bg4 15.Ncxe4 Bf5
16.Nxf6+ Qxf6 17.e4 Bg6 18.Qd1 Bxe4 19.Nxe4 Rxe4 20.Bf3 Re7 21.a5 Nd5 22.a6 bxa6
23.bxc6 Nf4 24.Ba3 Rd8 25.Bxd6 Rxd6 26.Rxa6 Ne6 27.Qb1 Rxd4 28.Qb8+ Rd8 29.Qxd8+ Nxd8
30.c7 Rxc7 31.Rxf6 gxf6 32.Rc1 Ne6 33.Rc3 Nd4 34.Bd1 Kf8 35.Kf1 Nb5 36.Rc1 Ke7
37.Bc2 h6 38.Ke1 Nd4 39.Be4 Kd6 40.Kd1 f5  0-1

[Event "Tata Steel TCh-Asia w"]
[Site "Kolkata IND"]
[Date "2009.12.28"]
[Round "7"]
[White "Liu Yang"]
[Black "Lestari,B"]
[Result "1-0"]
[WhiteElo "2066"]
[BlackElo "2170"]

1.d4 d5 2.c4 c6 3.Nf3 Nf6 4.Nc3 e6 5.e3 Nbd7 6.Bd3 dxc4 7.Bxc4 b5 8.Bd3 a6
9.e4 c5 10.e5 cxd4 11.Nxb5 axb5 12.exf6 gxf6 13.O-O Qb6 14.Qe2 Bb7 15.Bxb5 Rg8
16.Bd2 Qc5 17.Rfc1 Qh5 18.Ne1 Qd5 19.f3 Bd6 20.a4 Qh5 21.f4 Qxe2 22.Bxe2 e5
23.fxe5 fxe5 24.a5 Ke7 25.b4 e4 26.a6 Bd5 27.Bc4 e3 28.Bxd5 exd2 29.Rd1 dxe1=Q+
30.Rxe1+ Be5 31.Bxa8 Rxa8 32.b5 Kd6 33.Rac1 f6 34.Red1 Nc5 35.Rb1 d3 36.b6 Rxa6
37.b7 Nxb7 38.Rxb7 Bd4+  1-0

[Event "62nd ch-RUS"]
[Site "Moscow RUS"]
[Date "2009.12.28"]
[Round "8"]
[White "Riazantsev,A"]
[Black "Vitiugov,N"]
[Result "1-0"]
[WhiteElo "2661"]
[BlackElo "2694"]

1.d4 d5 2.c4 c6 3.Nc3 Nf6 4.e3 e6 5.Nf3 a6 6.c5 b6 7.cxb6 Nbd7 8.Bd3 c5 9.O-O c4
10.Be2 Rb8 11.e4 Nxe4 12.Nxe4 dxe4 13.Nd2 Nxb6 14.Nxe4 Bb7 15.Nc5 Bd5 16.b3 cxb3
17.axb3 Bxc5 18.dxc5 Nd7 19.Bf4 Rxb3 20.Bd6 Qg5 21.g3 Qf5 22.Ra4 Rb2 23.Bd3 Qf6
24.Be4 Bxe4 25.Rxe4 Qf5 26.Qa4 Qd5 27.Qxa6 Nb6 28.Ree1 Qa8 29.Qxa8+ Nxa8
30.Ra1 Kd7 31.Ra7+ Kc6 32.Rfa1  1-0

[Event "XIX Magistral"]
[Site "Pamplona ESP"]
[Date "2009.12.28"]
[Round "8"]
[White "Laznicka,V"]
[Black "Recuero Guerra,D"]
[Result "1-0"]
[WhiteElo "2637"]
[BlackElo "2494"]

1.d4 Nf6 2.Nf3 d5 3.c4 e6 4.Nc3 c6 5.e3 Nbd7 6.Qc2 Bd6 7.b3 O-O 8.Be2 b6
9.O-O Bb7 10.Bb2 Re8 11.Rad1 Qe7 12.Rfe1 Bb4 13.Bf1 Rac8 14.a3 Bxa3 15.Bxa3 Qxa3
16.Ra1 Qd6 17.Rxa7 Qb8 18.Rea1 c5 19.Qd1 cxd4 20.exd4 dxc4 21.bxc4 Red8 22.h3 h6
23.Qe2 Bc6 24.Qe3 Qd6 25.Ne5 Qf8 26.f4 Qd6 27.Kf2 Ne8 28.R1a2 Nef6 29.Be2 Qb4
30.Kg1 Qd6 31.g4 Ne8 32.Kf2 Rc7 33.R7a6 Qb4 34.Ra1 Nd6 35.c5 Qxc3 36.cxd6 Qxe3+
37.Kxe3 Rcc8 38.Rc1 Bb7 39.Rxc8 Rxc8 40.Ra7 Nxe5 41.dxe5 Bd5 42.Bb5 g6 43.Kd4 Kf8
44.f5 gxf5 45.gxf5 Rc5 46.f6  1-0

[Event "39th Rilton Cup"]
[Site "Stockholm SWE"]
[Date "2009.12.28"]
[Round "2"]
[White "Lysyj,I"]
[Black "Kovachev,D"]
[Result "1-0"]
[WhiteElo "2609"]
[BlackElo "2243"]

1.Nf3 Nf6 2.c4 c6 3.Nc3 d5 4.e3 e6 5.d4 Nbd7 6.Qc2 Bd6 7.Bd3 O-O 8.O-O dxc4
9.Bxc4 a6 10.Rd1 Qc7 11.Ne4 Nxe4 12.Qxe4 Nf6 13.Qh4 e5 14.dxe5 Bxe5 15.Bd3 Re8
16.Nxe5 Qxe5 17.Qg3 Bf5 18.Qxe5 Rxe5 19.Be2 Nd5 20.Bd2 Bc2 21.Rdc1 Bg6 22.Bf1 f6
23.Be1 h6 24.b4 Rd8 25.a4 Nc7 26.Bc3 Re7 27.Bd4 Rdd7 28.Bc5 Re8 29.Bd4 Kh7
30.h3 Ree7 31.Rd1 Ne6 32.Bb6 Bc2 33.Rdc1 Bd3 34.Rd1 Bxf1 35.Kxf1 f5 36.f3 h5
37.Kf2 Kg8 38.Rab1 Rf7 39.Ke2 g6 40.b5 axb5 41.axb5 cxb5 42.Rxd7 Rxd7 43.Rxb5 Kf7
44.Ba5 f4 45.Rb1 fxe3 46.Kxe3 Nc5 47.Bb6 Re7+ 48.Kd2 Rd7+ 49.Ke2 Re7+ 50.Kf1 Nd3
51.Ba5 Rd7 52.Bd2 Re7 53.Rb6 Ne5 54.Bc3 Nc6 55.Kf2 Kg8 56.g4 hxg4 57.hxg4 Rd7
58.Kg3 Kf7 59.Bb2 Ke6 60.Kh4 Kf7 61.f4 Re7 62.Kg5 Rd7 63.Bc3 Rd5+ 64.Kh6 Rd7
65.Ba1 Rc7 66.Bb2 Rd7 67.Bc3 Rc7 68.Rb1 Ne7 69.Be5 Rd7 70.Ba1 Nd5 71.Kg5 Nc7
72.Be5 Nd5 73.Rh1 Ne7 74.Rh7+ Ke6 75.Rh8 Rd1  1-0

[Event "XIX Magistral"]
[Site "Pamplona ESP"]
[Date "2009.12.29"]
[Round "9"]
[White "Recuero Guerra,D"]
[Black "Huerga Leache,M"]
[Result "1/2-1/2"]
[WhiteElo "2494"]
[BlackElo "2435"]

1.Nf3 d5 2.d4 Nf6 3.c4 e6 4.Nc3 c6 5.e3 Nbd7 6.Qc2 Bd6 7.Be2 O-O 8.b3 e5
9.dxe5 Nxe5 10.Nxe5 Bxe5 11.Bb2 dxc4 12.Bxc4 Qe7 13.h3 Be6 14.Bxe6 Qxe6 15.O-O Rad8
16.Rad1 Qe7 17.Rxd8 Rxd8 18.Rd1 Rd7 19.Rxd7 Qxd7 20.Na4 Bxb2 21.Nxb2 h6 22.Nc4  1/2-1/2

[Event "39th Rilton Cup"]
[Site "Stockholm SWE"]
[Date "2009.12.29"]
[Round "3"]
[White "Wojtaszek,R"]
[Black "Bellon Lopez,JuM"]
[Result "1-0"]
[WhiteElo "2637"]
[BlackElo "2435"]

1.d4 d5 2.c4 c6 3.Nc3 Nf6 4.e3 e6 5.Nf3 a6 6.b3 Bb4 7.Bd2 Nbd7 8.Bd3 O-O
9.O-O Bd6 10.Rc1 Re8 11.h3 e5 12.dxe5 Nxe5 13.Nxe5 Rxe5 14.cxd5 Ba3 15.Rb1 Nxd5
16.e4 Nxc3 17.Bxc3 Re8 18.Kh2 Be6 19.f4 f6 20.Qc2 Rf8 21.b4 a5 22.bxa5 Qe7
23.e5 f5 24.Be1 Rf7 25.a6 bxa6 26.Qxc6 Qe8 27.Qxe8+ Rxe8 28.Rb6 a5 29.Bxa5 Ra7
30.Rxe6 Rxe6 31.Bc4 Kf7 32.Be1 Rc7 33.Bb3 Bc1 34.Bb4 Be3 35.Rf3 Bc1 36.Kg3 Rb7
37.Bd6 Bd2 38.Rd3 Ba5 39.Kf3 Bd8 40.Bd5 Rb5 41.Bc4 Rb7 42.a4 h5 43.Rb3 Ra7
44.Rb8  1-0

[Event "85th Masters"]
[Site "Hastings ENG"]
[Date "2009.12.30"]
[Round "3"]
[White "Almond,R"]
[Black "Safarian,Al"]
[Result "1-0"]
[WhiteElo "2174"]
[BlackElo "2018"]

1.d4 d5 2.c4 e6 3.Nc3 c6 4.e3 Nf6 5.Nf3 Nbd7 6.Qc2 Be7 7.b3 O-O 8.Bd3 h6
9.O-O dxc4 10.bxc4 c5 11.Bb2 cxd4 12.exd4 Nb6 13.Rad1 Bd7 14.Ne5 Rc8 15.Qb3 Be8
16.Rfe1 Kh8 17.Bf1 Qc7 18.a4 Nbd7 19.Nb5 Qb8 20.Ba3 Bxa3 21.Qxa3 Kg8 22.Bd3 a6
23.Nd6 Rc7 24.Rb1 Nxe5 25.dxe5 Nd7 26.Bc2 Nc5 27.a5 Qd8 28.Rb6 Qg5 29.Qe3 Qh4
30.Reb1 Qg4 31.Bd1 Qg6 32.Bf3 Bb5 33.Rc1 Nd3 34.Be4 f5 35.Bxd3 Bc6 36.Qg3 Qh5
37.f3 g6 38.Rcb1 Kg7 39.Nxb7 f4 40.Qe1  1-0

[Event "39th Rilton Cup"]
[Site "Stockholm SWE"]
[Date "2009.12.30"]
[Round "4"]
[White "Lauber,A"]
[Black "Vaarala,E"]
[Result "1-0"]
[WhiteElo "2503"]
[BlackElo "2032"]

1.d4 d5 2.c4 c6 3.Nc3 Nf6 4.e3 e6 5.Nf3 a6 6.b3 Bb4 7.Bd2 O-O 8.Bd3 Nbd7
9.O-O Qe7 10.Qc2 e5 11.dxe5 Nxe5 12.Nxe5 Qxe5 13.cxd5 cxd5 14.Ne2 Bd6 15.Ng3 Qg5
16.f4 Qh4 17.Rf3 Re8 18.Be1 Qh6 19.Nf5 Bxf5 20.Bxf5 g6 21.Rh3 Qf8 22.Bc3 Ne4
23.Bb2 Ba3 24.Bxe4 dxe4 25.Be5 f6 26.Bd4 Rac8 27.Qf2 f5 28.Rf1 h5 29.Qe2 Qf7
30.g4 fxg4 31.Qxg4 Bc5 32.Rxh5 Bxd4 33.exd4 e3 34.Rg5 e2 35.Rxg6+ Kf8 36.Re1 Rc2
37.Qg5 Re6 38.Qh6+ Ke7 39.Rxe6+ Qxe6 40.Qh7+  1-0

[Event "39th Rilton Cup"]
[Site "Stockholm SWE"]
[Date "2009.12.31"]
[Round "5"]
[White "Wojtaszek,R"]
[Black "Cramling,P"]
[Result "1-0"]
[WhiteElo "2637"]
[BlackElo "2525"]

1.d4 d5 2.c4 c6 3.Nc3 Nf6 4.e3 e6 5.Nf3 a6 6.b3 Bb4 7.Bd2 Nbd7 8.Bd3 O-O
9.O-O Bd6 10.Rc1 Re8 11.e4 dxc4 12.Bxc4 b5 13.e5 bxc4 14.exd6 Nb6 15.Bg5 Qxd6
16.Bxf6 gxf6 17.bxc4 Nxc4 18.Ne4 Qf4 19.Nxf6+ Qxf6 20.Rxc4 Rb8 21.Ne5 c5
22.Rc3 Rb7 23.Qh5 Kf8 24.Rf3 Qg7 25.Rg3  1-0

[Event "World Chess Open"]
[Site "Leon ESP"]
[Date "2010.01.01"]
[Round "1"]
[White "Krasenkow,M"]
[Black "Gonzalez Trigal,JL"]
[Result "1-0"]
[WhiteElo "2656"]
[BlackElo "2002"]

1.Nf3 Nf6 2.c4 c6 3.d4 d5 4.Nc3 e6 5.e3 Nbd7 6.Qc2 Bd6 7.g4 Bb4 8.Bd2 Qe7
9.g5 Bxc3 10.Bxc3 Ne4 11.O-O-O b5 12.cxb5 c5 13.dxc5 Nxc3 14.Qxc3 Qxc5 15.Qxc5 Nxc5
16.h4 Bd7 17.Ne5 Ke7 18.Nxd7 Kxd7 19.f3 Rhc8 20.Kb1 Ke7 21.Rh2 Nd7 22.f4 g6
23.h5 Nc5 24.Rc1 Ne4 25.Rxc8 Rxc8 26.Bd3 Nd6 27.hxg6 hxg6 28.Rc2 Kd7 29.Rxc8 Nxc8
30.Kc2 e5 31.a4 Kd6 32.b4 Ne7 33.a5 e4 34.Bf1 Nf5 35.Kd2 d4 36.exd4 Nxd4
37.Bc4 Ke7 38.Ke3 Nc2+ 39.Kxe4 Nxb4 40.Kd4 Nc2+ 41.Kc5 Ne3 42.b6 axb6+ 43.axb6 Kd7
44.Bxf7 Ng2  1-0

[Event "ch-AUS"]
[Site "Sydney AUS"]
[Date "2010.01.02"]
[Round "1"]
[White "Pyke,M"]
[Black "Lane,G"]
[Result "0-1"]
[WhiteElo "2164"]
[BlackElo "2377"]

1.d4 d5 2.Nf3 Nf6 3.c4 c6 4.Nc3 e6 5.e3 Nbd7 6.Bd3 Bd6 7.O-O dxc4 8.Bxc4 b5
9.Bd3 O-O 10.a4 b4 11.Ne4 Nxe4 12.Bxe4 Bb7 13.a5 Rc8 14.Qe2 Qe7 15.a6 Ba8
16.Ra5 f5 17.Bd3 Nf6 18.Bd2 c5 19.Rfa1 Ne4 20.Be1 Bd5 21.dxc5 Nxc5 22.Nd4 Bc7
23.Bxb4 Bxa5 24.Bxa5 Nxd3 25.Qxd3 Qg5 26.f3 e5 27.h4 Qf6 28.Nc2 Bc4 29.Qd2 Qxh4
30.Ra4 Qf6 31.Bc3 Rfd8 32.Qc1 Bb3 33.Ra3 Qb6 34.Kf2 f4  0-1

[Event "85th Masters"]
[Site "Hastings ENG"]
[Date "2010.01.03"]
[Round "7"]
[White "Kirk,Ez"]
[Black "Safarian,Al"]
[Result "1-0"]
[WhiteElo "1919"]
[BlackElo "2018"]

1.d4 d5 2.c4 e6 3.Nc3 c6 4.e3 Nf6 5.Nf3 Nbd7 6.Qc2 dxc4 7.a4 c5 8.Bxc4 cxd4
9.Nxd4 Bb4 10.O-O O-O 11.Rd1 Qa5 12.Bd2 Ne5 13.Be2 Bd7 14.Ne4 Nd5 15.Bxb4 Qxb4
16.Ng5 Nf6 17.Qc7 Nc6 18.Bb5 Nxd4 19.Bxd7 Nb3 20.Rab1 Nc5 21.Rd4 Nd5 22.Qg3 Qb3
23.Bb5 Nc3 24.Re1 Qxb2 25.Nxh7 N5e4 26.Qh4 f5 27.Nxf8 Rxf8 28.Bc4 Re8 29.Rd8 Kf7
30.Rxe8 Kxe8 31.Bxe6 Ne2+ 32.Kh1 N2c3 33.Rf1 Qe2 34.Kg1 Nd2 35.Rc1 Nde4 36.Bxf5 Qd2
37.Rf1 Nf6 38.Bg6+ Ke7 39.Qb4+ Ke6 40.Qc4+ Ke7 41.Qc7+ Ke6 42.Bf7+  1-0

[Event "22nd Open"]
[Site "Staufer GER"]
[Date "2010.01.03"]
[Round "4"]
[White "Schneider,Il"]
[Black "Van den Bersselaar,J"]
[Result "1-0"]
[WhiteElo "2499"]
[BlackElo "2183"]

1.c4 c6 2.Nf3 d5 3.d4 Nf6 4.e3 e6 5.Nc3 Nbd7 6.Qc2 Bd6 7.e4 dxe4 8.Nxe4 Nxe4
9.Qxe4 Bb4+ 10.Bd2 Bxd2+ 11.Nxd2 c5 12.dxc5 Qc7 13.Qd4 e5 14.Qd6 Qxc5 15.Ne4 Qxd6
16.Nxd6+ Ke7 17.Nf5+ Kf6 18.Ne3 g6 19.O-O-O Kg7 20.Be2 Nf6 21.Bf3 e4 22.Be2 Be6
23.Rd4 Rac8 24.Kb1 h5 25.h3 Rc7 26.b4 b6 27.Kb2 Rd7 28.Rhd1 Rhd8 29.Kc3 Rc8
30.a3 Rdc7 31.Bf1 h4 32.Be2 Re8 33.Rd8 Rxd8 34.Rxd8 Nd7 35.Kd4 f5 36.Nd5 Rb7
37.f3 exf3 38.Bxf3 Kf7 39.Rh8 Rb8 40.Rh7+ Kf8 41.Nf4 Bf7 42.Nxg6+  1-0